logo

Bir Sreshtho Munshi Abdur Rouf Library
Jhenaidah Cadet College

The story of the British light aeroplane / (Record no. 9644)

MARC details
000 -LEADER
fixed length control field 00753nam a22002532a 4500
001 - CONTROL NUMBER
JCCL Control Number 9644
003 - CONTROL NUMBER IDENTIFIER
JCCL marc code BD - JhCC
005 - DATE AND TIME OF LATEST TRANSACTION
control field 20180321162443.0
008 - FIXED-LENGTH DATA ELEMENTS--GENERAL INFORMATION
fixed length control field 500101s1963 xx abc 000 0 eng d
035 ## - SYSTEM CONTROL NUMBER
system control number OCLC ocm02273743 from D950310M
-- (BD - JhCC)9644
040 ## - CATALOGING SOURCE
Original cataloging agency DLC
Transcribing agency SMI
Modifying agency UKM
-- EQO
-- BD - JhCC
041 ## - LANGUAGE CODE
Language code of Book eng
050 #0 - LIBRARY OF CONGRESS CALL NUMBER
Classification number TL721.4
Item number .B66
082 ## - DEWEY DECIMAL CLASSIFICATION NUMBER
Classification number 629.133340422
DDC Edition number 18
Author mark and Year BOU 1963
100 1# - MAIN ENTRY--PERSONAL NAME
Personal name Boughton, Terence.
245 14 - TITLE STATEMENT
Title The story of the British light aeroplane /
Statement of responsibility, etc Terence Boughton,
260 ## - PUBLICATION, DISTRIBUTION, ETC. (IMPRINT)
Place of publication, distribution, etc London :
Name of publisher, distributor, etc J. Murray,
Date of publication, distribution, etc 1963.
300 ## - PHYSICAL DESCRIPTION
Pagination xiv, 321 p.
Other physical details illus., ports., maps, tables.
Dimensions 26 cm
504 ## - BIBLIOGRAPHY, ETC. NOTE
Bibliography, etc Bibliography: p. [308]-309
650 #0 - SUBJECT ADDED ENTRY--TOPICAL TERM
Topical term or geographic name as entry element Private planes
650 #0 - SUBJECT ADDED ENTRY--TOPICAL TERM
Topical term or geographic name as entry element Private flying
942 ## - ADDED ENTRY ELEMENTS (KOHA)
Source of classification or shelving scheme Dewey Decimal Classification
Koha item type Books
Holdings
Source of classification or shelving scheme Damaged status Not for loan Home library Current library Shelving location Total Checkouts Full call number Barcode Date last seen Copy number Koha item type
Dewey Decimal Classification     JCC Rouf Library JCC Rouf Library General Stacks   629.133340422 BOU 1963 12802 03/21/2018 C - 1 Books

JCC Library | Contacts | JCC Home

Last Update on 23 September 2017
Copyright @ 2017-2020 JCC Rouf Library
Rouf Library, Jhenidah Cadet College (JCC), Bangladesh